Statistiques concernant Les 1000 Fromages francais

Cliquez ici pour prendre le quiz!

Statistiques générales

  • Ce quiz a été pris 178 fois
    (114 depuis la dernière actualisation)
  • Le résultat moyen est 23 sur 665

Statistiques - réponses

Type de fromageRéponseZone géographiqueAOC ?% Correct
CamembertCamembertNormandie1993
81%
-Comté Franche-Comté1958
76%
-Roquefort causses et vallées de l'Aveyron1979
68%
-Cantal Cantal1986
66%
Emmental Emmental françaistout le territoire notamment Bretagne
66%
Bleu Bleu d'Auvergne Auvergne1975
61%
Tomme Tomme de SavoieSavoie, Haute-Savoie
57%
-Gruyère français Alpes françaises (Savoie et Franche-Comté)
55%
MaroillesMaroilles Picardie et Nord1976
53%
-MorbierJura2000
52%
-Beaufort Savoie1993
50%
Brie Brie de MeauxÎle-de-France, Champagne, Lorraine1986
50%
Fourme Fourme d'Ambert Puy-de-Dôme1986
49%
-Saint-nectaire Puy-de-Dôme et Cantal1979
49%
-Reblochon Haute-Savoie et Savoie1976
43%
-Époisses Bourgogne1991
41%
-Mont d'Or Haut-Doubs1981
39%
-Munster Lorraine Alsace1978
39%
-Raclette de Savoie Savoie
36%
-Abondance Haute-Savoie
35%
-Ossau-iratyPyrénées Atlantiques, Hautes-Pyrénées1999
32%
-Mimolette vieille Flandre française
31%
-Babybel Mayenne
28%
Brie Brie de MelunÎle-de-France, Champagne, Bourgogne1980
28%
-CoulommiersÎle-de-France, Champagne
28%
-Kiri Sarthe
28%
-Saint-félicien Dauphiné ou Ardèche
28%
-Saint-marcellin Dauphiné
28%
Tomme Tomme des Pyrénées Pyrénées
27%
Crottin Crottin de Chavignol Centre-Val-de-Loire1976
24%
-Livarot Normandie1975
24%
-Neufchâtel Normandie1969
24%
-Pont-l'évêque Calvados1976
24%
-ChaourceBourgogne, Champagne-Ardenne1977
22%
-Vache qui rit Jura
22%
-Gouda français Nord-Pas-de-Calais
21%
-Rocamadour Périgord,Quercy1995
21%
Bleu Bleu de Gex Pays de Gex1977
20%
Bleu Bleu de Bresse Bresse
19%
-Caprice des Dieux Haute-Marne
19%
-Salers Cantal1979
19%
-Brillat-savarinBourgogne, Normandie
16%
-Chabichou Poitou1990
16%
-Cancoillotte ou Cancoyotte Franche-Comté
15%
-Chaussée aux Moines Mayenne
15%
PélardonPélardonLanguedoc2000
15%
-Boursin Normandie
14%
-PicodonDrôme, Ardèche, Vaucluse, Gard2000
14%
Bleu Bleu des Causses Rouergue1975
13%
-Sainte-maure-de-touraine Touraine1990
13%
-Saint-Môret Périgord
13%
-Ficello Jura
12%
-Saint Agur Haute-Loire
12%
TommeTome des BaugesSavoie, Haute-Savoie
12%
-Banon Provence2003
11%
Bleu Bleu du Vercors-Sassenage Dauphiné1998
11%
-Brocciu Corse1983
11%
Fourme Fourme de Montbrison Loire1972
11%
-Selles-sur-cher Centre-Val-de-Loire1975
11%
-Valençay Berry1998
11%
Tomme Tomme du Jura Franche-Comté
10%
Abbaye Abbaye de Tamié Savoie
9%
-LaguioleAveyron, Cantal, Lozère1961
9%
Tomme Tomme de Montagne ou Tomme d'Auvergne Auvergne
9%
Bleu Bleu de Corse Corse
7%
Boulette Boulette d'Avesnes Nord-Pas-de-Calais
7%
-Etorki Pays basque
7%
-Langres Champagne-Ardenne1975
7%
Pavé Pavé d'Affinois Loire
7%
Abbaye Port-Salut Mayenne
7%
-Saint-paulinBretagne, Normandie, Maine
7%
AbbayeAbbaye de Cîteaux Côte-d'Or
6%
-BrousseLanguedoc, ProvenceCôte d'Azur, Alpes du sud
6%
-Curé nantais Pays de la Loire (Pays de Retz)
6%
Délice Délice de Bourgogne Bourgogne
6%
-Faisselle Poitou, Charentes, Touraine Berry
6%
-Mâconnais Bourgogne2006
6%
-Pouligny-saint-pierreCentre Val de Loire, Berry1976
6%
Tomme Tomme blanche Savoie
6%
-Trou du Cru Côte d'Or
6%
MaroillesVieux Lille Flandre française
6%
-Vieux-lille ou Gris de Lille Flandre française
6%
-Aunis Aunis
5%
-Bethmale Ariège
5%
Bleu Bleu de Beauce Beauce
5%
-Ortolan Franche-Comté
5%
-Oustet ou Bethmale Pyrénées
5%
Tomme Tomme de Provence Provence
5%
Abbaye Trappe de Timadeuc et Timanoix Bretagne
5%
-Amou Gascogne
4%
-BeaumontSavoie, Haute-Savoie
4%
Brin Brin d'amour ou Fleur de maquis Corse
4%
-CharolaisSaône et Loire, Allier, Loire, Rhône2010
4%
Chevrotin ChevrotinSavoie, Haute-Savoie Allier,2002
4%
Emmental Emmental de Savoie Haute-Savoie
4%
-Saint Albray Pyrénées Atlantiques
4%
TommeTome du Poitou Poitou
4%
TommeTome fraîche Aveyron, Cantal, Lozère
4%
AbbayeTrappe Échourgnac Dordogne
4%
Abbaye Abbaye de la Pierre-Qui-Vire Yonne
3%
Abbaye Abbaye la Joie Notre-Dame Morbihan
3%
-Aiguille d'Orcières Hautes-Alpes
3%
-Aisy Bourgogne
3%
-Ami de Chambertin Bourgogne
3%
-AngelotPays d'Auge, Normandie
3%
-Anneau du Vic-Bilh Béarn et Gascogne
3%
-Annot Alpes-de-Haute-Provence
3%
-Arnégui Pays Basque
3%
-Arrigny Champagne-Ardenne
3%
-Arthon Centre
3%
-Artisons (fromages aux) Haute-Loire Cantal
3%
-Autun Bourgogne
3%
-Baguette laonnaise Aisne
3%
Bleu Bleu de Provence Haute-Provence
3%
Brie Brie de Coulommiers Île-de-France
3%
Brie Brie de Nangis Île-de-France
3%
Brie Brie de Provins Île-de-France
3%
-Chambaran Isère
3%
-Chamois d'or
3%
Cœur Cœur de Neuchâtel Pays de Bray, Seine-Maritime
3%
-Pur Brebis de l'Abbaye de Belloc Pyrénées-Atlantiques
3%
RigotteRigotte de Condrieu Rhône Loire
3%
-Soumaintrain Bourgogne et pays briard
3%
TommeTome de Corse Corse
3%
Tomme Tomme du Limousin Limousin
3%
-Amour de Nuits Bourgogne
2%
Arôme Arôme au vin blanc Rhône-Alpes
2%
-Aulnay-de-Saintonge Poitou
2%
-Bamalou Ariège
2%
-Barberey Champagne
2%
-Bargkass Vosges
2%
-Beaujolais Rhône-Alpes
2%
-Belle des champs Aisne
2%
-Bergues Flandre française
2%
Bleu Bleu des Basques Pays basque
2%
Bleu Bleu de Termignon Savoie
2%
Bleu Bleu du Quercy Quercy
2%
Bouchon Bouchon lyonnais Lyonnais
2%
Bouton Bouton de CulotteMâconnais, Haut-Beaujolais,
2%
-Brézain Haute-Savoie
2%
Brie Brie de Montereau Île-de-France
2%
Bûche Bûche du Pilat Parc régional du Pilat
2%
Bûche Bûche du Poitou Poitou
2%
-Chartreux Isère
2%
Chèvre Chèvre du Poitou Poitou
2%
-DauphinPicardie, Nord-Pas-de-Calais
2%
-Dent du chat Savoie
2%
-Figue Périgord
2%
-Géromé Alsace-Lorraine
2%
Abbaye Mont des Cats Nord
2%
-Morvan Bourgogne
2%
-Mothais sur feuille Poitou
2%
-Munster Géromé Lorraine Alsace1978
2%
-Napoléon Corse
2%
-Paillé de BourgogneBourgogne
2%
-PérailAveyron
2%
-Petit Billy Ille-et-Vilaine
2%
-Pyramide Centre Val de Loire
2%
-Rouelle Languedoc
2%
-Sancerre Sologne
2%
Abbaye Trappe de Bricquebec Normandie
2%
Abbaye Trappe de la Coudre Mayenne
2%
-Affidélice Époisses
1%
-Alzitone Corse
1%
Arôme Arôme de Gêne de Marc ou Arôme de Lyon Rhône-Alpes
1%
-Barousse Pyrénées
1%
-Batistin Pas-de-Calais
1%
-Bayard Gourmand Île-de-France
1%
-Beaufort fermier Beaufortain, Savoie
1%
-Belval Pas-de-Calais
1%
-Berger plat Bresse
1%
-Besace Savoie
1%
-Bichonnet Bigorre
1%
-Bigoton Loiret
1%
-Bilou Jura
1%
-Bite d'âne Loir-et-Cher
1%
Bleu Bleu de Bonneval Savoie
1%
Bleu Bleu de Costaros Auvergne
1%
Bleu Bleu de Florèze Saint-Flour, Cantal
1%
Bleu Bleu de Langeac Auvergne
1%
Bleu Bleu de Laqueuille Auvergne
1%
Bleu Bleu de Loudes Auvergne
1%
Bleu Bleu de Sainte-Foy Savoie
1%
Bleu Bleu des Cayres Auvergne
1%
Bleu Bleu de Septmoncel Jura
1%
Bleu Bleu de Séverac Rouergue
1%
Bleu Bleu de Thiézac Auvergne
1%
Bleu Bleu de Valey Auvergne
1%
Bleu Bleu du Haut-Jura Jura
1%
-Boisseau Île-de-France
1%
-Bonde de Gâtine Poitou
1%
Bouchon Bouchon de Sancerre Sancerrois
1%
Boulette Boulette de la Pierre-qui-Vire Bourgogne
1%
Brie Brie noir Île-de-France
1%
Brique Brique de brebis Haute-Loire
1%
Carré Carré de l'Est Lorraine et Champagne
1%
-Cervelle de canut Lyonnais
1%
-Chavroux Poitou
1%
Cœur Cœur d'Arras Pas-de-Calais
1%
-Corsica Corse
1%
Délice Délice de Chartreuse Chartreuse
1%
Délice Délice de Provence Provence
1%
Délice Délice de Saint-Cyr ou BoursaultCentre, Île-de-France
1%
Feuille Feuille du Limousin Limousin
1%
-Figou Limousin
1%
-Fontainebleau Seine-et-Marne
1%
-Goustal Aveyron
1%
-Lévejac Languedoc
1%
-Mizotte Vendée
1%
-Montsalvy Cantal
1%
-Murol du Grand Bérioux Auvergne
1%
Pavé Pavé aux algues Nord-Pas-de-Calais
1%
-Pavin Puy-de-Dôme
1%
-Petit-suisse Pays de Bray
1%
-Pithiviers Loiret
1%
-P'tit Basque Pays basque
1%
-Ramequin Rhône-Alpes
1%
Rigotte Rigotte du Troyet Loire
1%
-Rochebaron Auvergne
1%
-Rocroi Ardennes
1%
-Sablé de Wissant Pas-de-Calais
1%
-Saint André Aveyron, Normandie
1%
-Saint-pierre Limousin
1%
TommeTome de Belley ou chevret Ain
1%
Tomme Tomme céronnée Savoie
1%
Tomme Tomme du Champsaur
1%
Vacherin Vacherin du Haut-Doubs Franche-Comté1981
1%
-AvalinVal d'Isère, Savoie
0%
-Barbeillon Loir-et-Cher
0%
-Bondard Normandie
0%
-Bondon Normandie
0%
-Bondon à la fleur de sel Poitou
0%
-Bon grivois Haut-Doubs
0%
-Bons mayennais Mayenne
0%
-Bosson macéréArdèche (Vivarais), Bouches-du-Rhône (Crau)
0%
-Bouca Val de Loire
0%
-Boucantrin Dauphiné
0%
Bouchon Bouchon charentais Charentes
0%
-Bougon Poitou
0%
-Bouine Sarthe
0%
Boule Boule aux herbes Bourgogne
0%
Boule Boule des moines Morvan
0%
-Boulet de Cassel Nord
0%
Boulette Boulette de Cambrai Nord
0%
-Bourricot Cantal
0%
Bouton Bouton de chèvre
0%
Bouton Bouton d'Oc Languedoc
0%
Brebis Brebis de Bersend Savoie
0%
Brebis Brebis du Lochois Touraine
0%
Brebis Brebis du pays de Grasse Provence
0%
-Bressan Rhône-Alpes
0%
Brie Brie fermier Seine-et-Marne
0%
Brie Brie petit moulé Île-de-France
0%
Brin Brin de PaillePays d'Auge, Normandie
0%
Brique Brique ardéchoise Rhône-Alpes
0%
Brique Brique de chèvre Vernet Allier
0%
Brique Brique de Joux Doubs
0%
Brique Brique de pays Haute-Loire
0%
Brique Brique des Flandres Pas-de-Calais
0%
Brique Brique du Forezmonts du Forez, Loire
0%
Briquette Briquette de Coubon Haute-Loire
0%
Briquette Briquette de l'EcaillonCambrésis, Nord
0%
Briquette Briquette fermière à la graine de moutarde Avesnois, Nord
0%
-Brouère Vosges
0%
-Brousse du Rove Bouches-du-Rhône
0%
-Brulot aixois Île-d'Aix
0%
Bûche Bûche du Vercors Isère
0%
Bûchette Bûchette de Banon Provence
0%
Cabécou Cabécou d'AutanRouergue, Quercy
0%
Cabécou Cabécou de Livernon Quercy
0%
Cabécou Cabécou du FelAveyron
0%
-Cabriou Languedoc
0%
-Cachaille Provence
0%
-Cacouyard Franche-Comté
0%
-Caillé France méridionale
0%
-Caillebote d'Aunis Aunis
0%
-Caillou du Rhône Rhône
0%
-Callebasse Ariège
0%
-Camisard Lot
0%
-Canut Lyon
0%
-Capricciu Corse
0%
-Capri lézéen Poitou
0%
Carré Carré d'Aurillac Cantal
0%
Carré Carré de Bonneville Haute-Savoie
0%
Carré Carré de Bray Seine-Maritime
0%
Carré Carré du Poitou Poitou
0%
Carré Carré du Vinage Nord (Roncq)
0%
Casgiu Casgiu merzu Corse
0%
Casgiu Casgiu sartinesu Corse-du-Sud
0%
-Castagniccia Corse
0%
-Cathare Languedoc
0%
-Cathelain Savoie
0%
-Caussedou Quercy
0%
-Cayolar Pyrénées-Atlantiques
0%
Cendré Cendré de Champagne Marne
0%
Cendré Cendré de Manon Allier
0%
Cendré Cendré de Niort Poitou
0%
Cendré Cendré de Vergy Bourgogne
0%
Cendré Cendré du Vernet Allier
0%
-Cérilly Bourbonnais
0%
-Chabis Poitou, Charentes
0%
-Chabrol Clermont-Ferrand
0%
-Chambérat Bourbonnais
0%
-Chandamour Loire Atlantique
0%
-Château-Blâmont Lorraine
0%
-Chatou Doubs
0%
-Chef-Boutonne Poitou
0%
-Chevillon Haute-Marne
0%
Chèvre Chèvre des AlpillesBouches-du-Rhone
0%
Chèvre Chèvre du Mont-VentouxAlpes-de-Haute-Provence
0%
Chevrette Chevrette des Bauges Savoie
0%
-Chevrion Bigorre
0%
Chevrotin Chevrotin de Macôt Savoie
0%
Chevrotin Chevrotin de Peisey-Nancroix Savoie
0%
Chevrotin Chevrotin des Aravis Haute-Savoie
0%
Chevrotin Chevrotin du Mont-Cenis Savoie
0%
Chevrotin Chevrotin du Vernet Allier
0%
-Chevru Seine-et-Marne
0%
Cht'i Cht'i crémeux Pas-de-Calais
0%
Cht'i Cht'i roux Nord
0%
-Civray Poitou-Charentes
0%
-Claquebitou Bourgogne
0%
-Clochette Poitou
0%
Cœur Cœur d'Avesnes Nord
0%
Cœur Cœur de Massif Vosges
0%
Cœur Cœur de Pommeau Pas-de-Calais
0%
Cœur Cœur du Berry Centre
0%
-Colombier Côte d'Or
0%
-Comtesse de VichyAllier, Loire
0%
-Confit d'Époisses Bourgogne
0%
-Cormeillais Eure
0%
-Cornilly Centre
0%
-Cosne Bourgogne
0%
-Coucouron Ardèche
0%
-Couhé-Vérac Poitou
0%
-Coup de Corne Ariège
0%
-Couronne lochoise Loches
0%
-Coussignous Var
0%
-Cousteron Sablé, Sarthe et Cléry, Meuse
0%
-Coutances Manche
0%
-Crayeux de Roncq Nord
0%
Crème Crème de brie de Meaux Lorraine
0%
Crème Crème de MunsterVosges
0%
-Crémet du Cap Blanc Nez Pas-de-Calais
0%
-Crémeux du Puy Auvergne
0%
Crottin Crottin avesnois Nord
0%
Crottin Crottin D'Ambert Puy de Dôme
0%
Crottin Crottin de Berry Berry
0%
-Croupet Seine et Marne
0%
Délice Délice à la rose
0%
Délice Délice d'Argental
0%
Délice Délice de Pommard Bourgogne
0%
Délice Délice des bois
0%
Délice Délice d'été
0%
Délice Délice du Chalet Allier
0%
-Demi-sel Pays de Bray
0%
-Deux-Chèvres Poitou
0%
-Dominette Tarn-et-Garonne
0%
-Doux chêne Gévaudan
0%
-Écorce de sapin Franche-Comté
0%
-Écume de Wimereux Pas-de-Calais
0%
-Édel de Cléron Franche-Comté
0%
-Entrammes Mayenne
0%
-Epenouse Haut-Doubs
0%
-Esbareich Hautes-Pyrénées
0%
-Explorateur Île-de-France
0%
-Fédou Lozère (Causse Méjean)
0%
Feuille Feuille de Dreux Cher
0%
-Fiancé des Pyrénées Hautes-Pyrénées
0%
-Figue de Provence Provence
0%
-Figuette du Tarn Languedoc
0%
-Fin de siècle Pays de Bray
0%
-Fium'Orbo Corse
0%
-Fleur bleue Yvelines
0%
-Fouchtra Cantal
0%
-Foudjou Ardèche et Drôme
0%
-Fougerus Brie
0%
-Fourmagée Orne
0%
Fourme Fourme d'Asco Corse
0%
Fourme Fourme de Cantal Cantal1986
0%
Fourme Fourme de LaguioleAveyron, Cantal, Lozère1961
0%
Fourme Fourme de Rochefort Auvergne
0%
Fourme Fourme de Roquefort Aveyron
0%
Fourme Fourme de Salers Cantal1961
0%
Fourme Fourme du Mézenc Auvergne
0%
Fourme Fourme d'Yssingeaux Haute-Loire
0%
-Frinault Loiret
0%
Fromage Fromage aux noix Savoie
0%
Fromage Fromage d'Affinois Rhône-Alpes
0%
Fromage d'AffinoisFromage d'Affinois Brebis
0%
Fromage d'AffinoisFromage d'Affinois Chèvre du Pilat
0%
Fromage d'AffinoisFromage d'Affinois Florette
0%
Fromage d'AffinoisFromage d'Affinois Poivre
0%
Fromage Fromage de MonsieurCalvados
0%
Fromage Fromage de Pays Auvergne
0%
Fromage Fromage des Plaines Île de la Réunion
0%
Fromage Fromage des vignerons Bourgogne
0%
Fromage Fromage de Troyes Aube
0%
Fromage Fromage de vache brûlé Pyrénées-Atlantiques
0%
Fromage Fromage du curé Pays de Retz
0%
Fromage Fromage du Laboureur Dauphiné
0%
Fromage Fromage fermier de Corse
0%
Fromage Fromage fort de la Croix-Rousse Lyon
0%
-Fumaillou Poitou
0%
-Fumaison Auvergne
0%
-Gabietou Pyrénées
0%
Galet Galet de Bigorre Hautes-Pyrénées
0%
Galet Galet solognot Centre
0%
-Gaperon Auvergne
0%
-Gardian Bouches du Rhône
0%
-Gavot Alpes
0%
-Goudoulet Ardèche
0%
-Gourmelin Pays de la Loire
0%
-Gournay Normandie
0%
-Goutte du Tarn-et-Garonne Agenais
0%
-Grand colombier des Aillons Bauges
0%
-Grand Condé
0%
-Grand Duc Chartreuse
0%
-Grand Montagnard Allier
0%
-Grand morin Brie
0%
-Grand Tomachon Bourbonnais
0%
Grataron Grataron de Arèsches Savoie
0%
Grataron Grataron du Beaufortain Savoie
0%
-Gratte Paille Champagne Île-de-France
0%
-Graval Normandie
0%
-Graviers du Guiers Savoie
0%
-Greuil ou Breuil Béarn et Pays basque
0%
-Gris de Lille Flandre française
0%
-Gros lorrain Lorraine
0%
-Guerbigny Somme
0%
-Herbillette Vendée
0%
-Île d'Yeu Vendée
0%
-Jean de Brie Île-de-France
0%
-Jefou Languedoc
0%
-Jersiais Allier
0%
-Jonchée d'Oléron île d'Oléron, Saintonge
0%
-Julien Nord
0%
-Kaïkou Pays basque
0%
-Kéron de l'Auxois Bourgogne
0%
-Kidiboo Sud-Ouest
0%
-La Bourle du Mont des Cats Nord-Pas-de-Calais
0%
-Lacandou Aveyron
0%
-Langrillon Bourgogne
0%
-Lardu Bourgogne
0%
-Larron d'Ors ou larron Cambrésis, Nord-Picardie
0%
-Lavort Auvergne
0%
-L'Écir commune de Curières, Aveyron
0%
-Leconet sec et frais Corrèze
0%
-Le Gramat Lot
0%
-Le Sire de Créquy Pas-de-Calais
0%
-Livernon Quercy
0%
-Lormes Bourgogne
0%
-Losange de Thiérarche Nord
0%
-Lossaba Pays basque
0%
Lou Lou Cabrias Aveyron, Monteils
0%
Lou Lou Magré Gers
0%
Lou Lou peyrou Cantal
0%
-Lusignan Poitou, Charentes
0%
-Machecoulais Loire Atlantique
0%
-Mamirollais Franche-Comté
0%
-Mamirolle Franche-Comté
0%
-Manicamp Picardie
0%
MaroillesMaroilles Lesire Nord-Pas-de-Calais
0%
-Mascaré de Banon Provence
0%
-Mélusine Poitou, Charentes
0%
-Metton Franche-Comté
0%
-Miromando Ardèche
0%
Moelleux Moelleux d'Arinthod Jura
0%
Moelleux Moelleux du Revard Savoie
0%
-Montatimu Corse
0%
-Montbriac Haute-Loire
0%
-Mont d'or du lyonnais Rhône
0%
-Montoire Loir-et-Cher
0%
-Monts de Lacaune Tarn
0%
-MontségurAriège
0%
-Mothe-Bougon Poitou
0%
-Mothe Saint-Héray Poitou
0%
-Mouflon Corse
0%
-Moularen Alpes de Haute-Provence
0%
-Moulin de Gaye Normandie
0%
-Moulis Midi-Pyrénées
0%
-Mousseron Haut-Jura
0%
-Murolait Auvergne
0%
-Muvrinu Corse
0%
-Nanteau Gâtinais
0%
-Napoléon commingeois Ariège et Comminges, Haute-Garonne
0%
-Niolo Corse
0%
-Oléron île d'Oléron, Saintonge
0%
-Olivet Centre Île-de-France
0%
-Ovalie Corrèze
0%
-Paillou Bourgogne
0%
Palet Palet de BourgogneBourgogne
0%
Palet Palet de chèvre Yvelines
0%
Palet Palet de vacheNormandie
0%
Palet Palet du PoitouPoitou
0%
-Palouse des Aravis Haute-Savoie
0%
-Pamproux Poitou, Charentes
0%
-Pannes Loiret
0%
-Parthenay Poitou
0%
-Pas de l'Escalette Languedoc
0%
-Pâtefine Isère
0%
-Pâtichon de Châtillon Centre Val de Loire
0%
Pavé Pavé beauceron Centre Val de Loire
0%
Pavé Pavé corrézien Corrèze
0%
Pavé Pavé d'Auge Normandie
0%
Pavé Pavé de Roubaix Nord
0%
Pavé Pavé du Gois Loire Atlantique
0%
Pavé Pavé du Nord Nord
0%
Pavé Pavé du Plessis Eure
0%
Pavé Pavé du Poitou Poitou
0%
Pavé Pavé fermier à l'échalote Nord Pas-de-Calais
0%
Pèbre Pèbre d'aï Provence
0%
Pélardon Pélardon d'Altier Cévennes
0%
Pélardon Pélardon d'Anduze Cévennes
0%
Pélardon Pélardon des Cévennes Cévennes
0%
-Pérassu ou Pérachu Haut-Jura
0%
-PérisselloisPuy de Dôme
0%
-Persapin Savoie
0%
Persillé Persillé de la Tarentaise Savoie
0%
Persillé Persillé des Aravis Haute-Savoie
0%
Persillé Persillé de Tignes Savoie
0%
Persillé Persillé du Beaujolais Rhône
0%
Persillé Persillé du Semnoz Haute-Savoie
0%
-Pesto corsu Corse
0%
-Petit bayard Provence Dauphiné
0%
-Petit beaujolais Rhône
0%
-Petit chèvre Yvelines et Val-d'Oise
0%
-Petit pardou Hautes-Pyrénées
0%
-Petit Quercy Quercy
0%
-Phébus Ariège
0%
-Picadou Quercy
0%
-Pic de Bigorre Bigorre
0%
-Pic du Vieux Chaillol Hautes-Alpes
0%
-Pié d'Angloys Bourgogne
0%
-Pierre dorée Beaujolais, Rhône
0%
-Pigouille Poitou, Charentes
0%
-P'it saint-faron pays briard
0%
-Plaisir au Chablis Côte-d'Or
0%
-Poiset au marc Bourgogne
0%
-Poivre d'âne Provence
0%
-Pourly Auxerrois
0%
-Prestige de BourgogneBourgogne
0%
-Pyramide cendrée Poitou, Charentes
0%
-Racotin Bourgogne
0%
-Reblochon fermier canton de Thônes, Haute-Savoie1976
0%
-Régal de BourgogneBourgogne
0%
-Régal des moines Bourgogne
0%
-Rhum de cœur Pas-de-Calais
0%
Rigotte Rigotte d'Échalas Rhône-Alpes
0%
Rigotte Rigotte de Pélussin Loire
0%
Rigotte Rigotte de Sainte-Colombe Savoie
0%
Rigotte Rigotte des Alpes Rhône-Alpes
0%
-Rocher Nantais Loire Atlantique
0%
-Rodez Aveyron
0%
-Rogallais Ariège
0%
Rogeret Rogeret de Lamastre Ardèche
0%
Rogeret Rogeret des Cévennes Gard
0%
-Rollot Picardie
0%
-Rond de Lusignan Poitou
0%
-Ronde de Gâtine Poitou
0%
-Rond pis Bourgogne
0%
-Rosace de Reims Champagne-Ardennes
0%
-Rotondo Corse
0%
-Roucoulons Haute-Saône
0%
-Roue de Ris Puy-de-Dôme
0%
-Rouleau de Beaulieu Ardèche
0%
-Rove de ProvenceProvence
0%
-Ruffec Poitou
0%
-Sableau Poitou, Charentes
0%
-Saint-algue Nord
0%
-Saint-florentin Yonne
0%
-Saint-foin Yvelines
0%
-Saint-gelais Poitou
0%
-Saint-gildas-des-bois Loire-Atlantique
0%
-Saint-julien Haute-Loire
0%
-Saint-just Dauphiné
0%
-Saint-laurent Hautes-Alpes
0%
-Saint Nicolas Languedoc, Hérault
0%
-Saint-rémois Provence
0%
-Saint-rémy Vosges
0%
-Saint-siméon pays briard, Seine-et-Marne
0%
-Saint-staib Lyonnais
0%
-Saint-winoc Nord
0%
-San Carlu Corse
0%
-San Petrone Corse
0%
-Santranges Centre
0%
-Sarasson Rhône-Alpes
0%
-Sartinese Corse-du-Sud
0%
-Saulxurois Champagne-Ardennes
0%
-Savaron Auvergne
0%
-Séchou Dauphiné
0%
-Segalou Midi-Pyrénées
0%
-Sérac Savoie
0%
-Souréliette du Fédou Lozère
0%
-Sourire lozérien Lozère
0%
-Spinosien Haut-Doubs
0%
-Suprême des Ducs Yonne
0%
-Tarentais Haute-Tarentaise
0%
-Taupinière de Charente Charentes
0%
-T'chiot biloute Avesnois
0%
-Templais Aquitaine
0%
-Thérondels Aveyron
0%
-ThollonSavoie, Haute-Savoie
0%
-Tignard Savoie
0%
-Ti Pavez Bretagne
0%
TommeTome de Lévéjac Lozère
0%
TommeTomette de brebis Hautes-Pyrénées
0%
Tomme Tomme au fenouil Savoie
0%
Tomme Tomme au foin Picardie
0%
Tomme Tomme au marc de raisinSavoie, Haute-Savoie
0%
Tomme Tomme catalane Pyrénées Orientales, Roussillon
0%
Tomme Tomme crayeuse Savoie
0%
Tomme Tomme d'Annot arrière-pays niçois
0%
Tomme Tomme d'Arles Camargue Provence
0%
Tomme Tomme de Banon à la sariette Provence
0%
Tomme Tomme de Banon au poivre Provence
0%
Tomme Tomme de Faucigny Haute-Savoie
0%
Tomme Tomme de l'Auxois Bourgogne
0%
Tomme Tomme de Lomagne Midi-Pyrénées
0%
Tomme Tomme de l'Ubaye Alpes-de-Haute-Provence
0%
Tomme Tomme de Rilhac Auvergne
0%
Tomme Tomme de Romans Drôme
0%
Tomme Tomme de Seyssel Haute-Savoie
0%
Tomme Tomme des Quatre Dames de Forcalqier Alpes-de-Haute-Provence
0%
Tomme Tomme de Thônes Haute-Savoie
0%
Tomme Tomme de Val d'Isère Savoie
0%
Tomme Tomme du Mont-Cenis Savoie
0%
Tomme Tomme du Morvan Bourgogne
0%
Tomme Tomme fermière des Hautes-Vosges Alsace
0%
Tomme Tomme forte de Savoie Savoie
0%
TommeTommette de Cluny Bourgogne
0%
-Toucy Centre
0%
-Tourmalet Hautes-Pyrénées
0%
-Tournon-saint-pierre Touraine
0%
-Tourrée de l'Aubier Moselle
0%
-Tourrier de l'aubier Jura
0%
-Tracle Bugey, Savoie
0%
-TrèfleEure-et-Loir, Loir-et-Cher, Orne, Sarthe
0%
-Tricorne de Marans Charentes
0%
-Trinqueux Bourgogne
0%
-Trois cornes Poitou, Charentes
0%
-Troyen cendré Champagne
0%
Truffe Truffe de Valensole Alpes-de-Haute-Provence
0%
Truffe Truffe de Ventadour Corrèze
0%
-U Muntagnolu Haute-Corse
0%
-Vachard monts du Forez
0%
Vacherin Vacherin d'Abondance Savoie
0%
Vacherin Vacherin des Bauges Savoie
0%
-Valaine Pays de Caux
0%
-Vallée d'Ossau Béarn
0%
-Velay Haute-Loire
0%
-Venaco Haute-Corse
0%
-Vendôme Orléanais
0%
-Vernet Allier
0%
-Vesontio Franche-Comté
0%
-Vieux Boulogne Pas-de-Calais
0%
-Vieux Corse Corse
0%
-Vieux Moulin Pas-de-Calais
0%
-Vieux pané Mayenne
0%
-Vieux Samer Pas-de-Calais
0%
-Vignelait Seine-et-Marne
0%
-Villageois Poitou, Charentes
0%
-Villefranchois Aveyron
0%
-Void Meuse
0%
-Xaintray Poitou, Charentes
0%

Distribution des résultats

Percentile par nombre de réponses

% des personnes avec chaque résultat

Votre développement - résultats

Vous n’avez pas pris ce quiz depuis la dernière actualisation